Los regímenes matrimoniales en Chile: problemas actuales y perspectivas de cambio

Spremljeno u:
Bibliografski detalji
Glavni autor: Corral Talciani, Hernán Felipe (Autor)
Format: Knjiga
Jezik:španjolski
Izdano: Santiago Universidad de Los Andes 1998
Serija:Colección Cuadernos de Extensión, 2
Teme:
Oznake: Dodaj oznaku
Bez oznaka, Budi prvi tko označuje ovaj zapis!

MARC

LEADER 00000nam a2200000 a 4500
001 UCP3533
003 CL-VaPUC
008 990625e19980000CL |||||||||||||||||spa|d
082 0 4 |a 346.016  |b COR  |2 21 
100 0 |a Corral Talciani, Hernán Felipe  |e author  |9 430904 
245 1 4 |a Los regímenes matrimoniales en Chile: problemas actuales y perspectivas de cambio 
300 |a 253 p 
942 |c BK 
945 |d 19990625 00:00:00  |a vberengu 
260 |a Santiago  |b Universidad de Los Andes  |c 1998 
650 7 |a MATRIMONIO  |2 CL-VaPUC  |9 430905 
650 0 |a Derecho de familia  |9 255603 
650 7 |a LEGISLACION  |2 CL-VaPUC  |9 430906 
650 0 |a Bienes  |9 255749 
650 0 |a Patrimonio  |9 257770 
650 0 |a Sociedad conyugal   |9 357527 
650 0 |a Derecho internacional privado  |9 256361 
651 7 |a CHILE  |2 CL-VaPUC  |9 430907 
651 0 |a España  |9 254926 
651 0 |a Argentina  |9 254888 
651 7 |a CANADA  |2 CL-VaPUC  |9 430908 
583 |a last modification  |c 19990625 00:00:00  |k Rodrigo Vera 
490 0 |a Colección Cuadernos de Extensión, 2 
999 |c 281841  |d 281839 
952 |0 0  |1 0  |4 0  |6 346_016000000000000_COR_1998  |7 0  |8 A  |9 322843  |a BIBDER  |b BIBDER  |d 2019-11-20  |i 3533646  |o 346.016 COR 1998  |p 3533646  |r 2023-01-25  |w 2019-11-20  |y BK  |k DER 
952 |0 0  |1 0  |4 0  |6 346_016000000000000_COR_1998  |7 0  |8 A  |9 322844  |a BIBDER  |b BIBDER  |d 2019-11-20  |i 389147K  |l 3  |o 346.016 COR 1998  |p 389147K  |r 2024-06-25  |s 2024-06-25  |w 2019-11-20  |y BK  |k DER